| 000 | 01957cam a22003854i 4500 | ||
|---|---|---|---|
| 001 | 17748127 | ||
| 005 | 20221220100716.0 | ||
| 008 | 130522s2013 enk 000 0 eng | ||
| 010 | _a 2013017924 | ||
| 020 | _a9780199336036 (hardback) | ||
| 040 |
_aDLC _beng _cDLC _erda _dDLC |
||
| 042 | _apcc | ||
| 043 | _aa-ii--- | ||
| 050 | 0 | 0 |
_aJQ298.8 _b.T55 2013 |
| 082 | 0 | 0 |
_a320.554,TIL _223 |
| 084 |
_aPOL000000 _2bisacsh |
||
| 100 | 1 |
_aTillin, Louise. _9105275 |
|
| 245 | 1 | 0 |
_aRemapping India : _bnew states and their political origins / _cLouise Tillin. |
| 264 | 1 |
_aOxford ; _aNew York : _bOxford University Press, _c[2013] |
|
| 300 |
_axiv, 268 pages : _bmaps ; _c23 cm. |
||
| 336 |
_atext _2rdacontent |
||
| 337 |
_aunmediated _2rdamedia |
||
| 338 |
_avolume _2rdacarrier |
||
| 505 | 0 | _aIntroduction : the compromise politics of statehood (Page-1), Territorial design and federal thought in India (Page-27), Social movements, political parties and statehood : Jharkhand and Uttarakhand (Page-67), Statehood without a movement : Chhattisgarh (Page-109), The view from the state capitals (Page-143), Federal politics and the creation of new states in 2000 (Page-167), After 2000 : rurther reorganisation? (Page-185), Conclusion (Page-199). | |
| 650 | 0 |
_aState governments _zIndia. _950326 |
|
| 650 | 0 |
_aRepresentative government and representation _zIndia. _9105276 |
|
| 650 | 7 |
_aPOLITICAL SCIENCE / General. _2bisacsh _9105266 |
|
| 651 | 0 |
_aIndia _xAdministrative and political divisions. _9105277 |
|
| 651 | 0 |
_aChhattīsgarh (India) _xPolitics and government. _9105278 |
|
| 651 | 0 |
_aJharkhand (India) _xPolitics and government. _9105279 |
|
| 651 | 0 |
_aUttarakhand (India) _xPolitics and government. _9105280 |
|
| 906 |
_a7 _bcbc _corignew _d1 _eecip _f20 _gy-gencatlg |
||
| 942 |
_2ddc _cBK _k320.554,TIL |
||
| 999 |
_c592733 _d592733 |
||